[Event "SLO-ch U16"]
[Site "Ptuj"]
[Date "2017.02.26"]
[Round "3"]
[White "Lah, Zan"]
[Black "Lazarev, Vladislav"]
[Result "1/2-1/2"]
[WhiteElo "1269"]
[BlackElo "1514"]
[PlyCount "70"]
[EventDate "2017.02.25"]
[EventType "swiss"]
[EventRounds "9"]
[EventCountry "SLO"]
[SourceTitle "CBM 177 Extra"]
[Source "ChessBase"]
[SourceDate "2017.04.27"]
[SourceVersion "1"]
[SourceVersionDate "2017.04.27"]
[SourceQuality "1"]

1. c4 c5 2. g3 Nf6 3. Bg2 e6 4. e3 Nc6 5. Ne2 a6 6. d4 d5 7. b3 cxd4 8. exd4 Bb4+ 9. Bd2 Bxd2+ 10. Qxd2 0-0 11. 0-0 Ne7 12. c5 Bd7 13. a4 b5 14. a5 Qc7 15. Na3 Ra7 16. Nc2 Nc6 17. b4 Ne7 18. f4 g6 19. Ne1 Nf5 20. Nf3 Bc6 21. Bh3 Ne7 22. g4 h5 23. Ne5 Kg7 24. Kh1 Rh8 25. Rg1 Kf8 26. Qe1 hxg4 27. Bxg4 Nf5 28. Bxf5 exf5 29. Ng3 Nd7 30. Kg2 Nxe5 31. Qxe5 Qxe5 32. fxe5 Rh4 33. Ne2 Ke7 34. Ra3 Ra8 35. Rh3 Rah8 1/2-1/2